|
|
|
|
| LEADER |
00000cam a2200000 i 4500 |
| 001 |
1/19310 |
| 008 |
010409s1998 gre d |
| 035 |
|
|
|l 10066807
|
| 040 |
|
|
|a GR-MY-UA
|b gre
|e aacr
|
| 041 |
0 |
|
|a gre
|
| 082 |
0 |
|
|a 889.1092
|
| 100 |
1 |
|
|a Σιατόπουλος, Δημήτρης Ι.,
|d 1917-2001.
|
| 245 |
1 |
0 |
|a Σπύρος Κοκκινάκης :
|b ένας σύγχρονος ποιητής που εκφράζει την καινούργια ποιητική ώρα /
|c Δημήτρη Σιατοπούλου
|
| 260 |
|
|
|a Αθήνα :
|b Ρήσος,
|c 1998
|
| 300 |
|
|
|a 32 σ.
|
| 600 |
1 |
0 |
|a Κοκκινάκης, Σπύρος Χρ.,
|d 1954-
|
| 650 |
0 |
0 |
|a Greek poetry.
|
| 650 |
0 |
0 |
|a Greek poetry, Modern.
|
| 650 |
0 |
0 |
|a Speeches, addresses, etc.
|
| 852 |
|
|
|a INST
|b LESVOS
|e 20010409
|h 889.1092 ΣΙΑ
|p 005100028959
|q 005100028959
|t BK
|y 0
|
| 901 |
|
|
|a BIBL1-2001-1
|
| 909 |
|
|
|a Λ
|b 087006
|
| 970 |
|
|
|a ΜΟΥΣΤΑΚΑ
|b ΠΗΝΕΛΟΠΗ
|z 2001/04/09
|